00513nam a2200157Ia 4500008004100000041000800041082001400049100001800063245004500081250000700126260004200133300003200175365000900207999001700216952012200233240624s9999 xx 000 0 und d aeng a332.6 TEN aTENGLER NANCY aNEW ERA VALUE INVESTING A DISCIPLINED AP a11 c2003aNew JerseybJohn Wiley and Sons axvii, : 222 : p. : cm. ; 23 cb30 c17955d17955 00104070aIMTNbIMTNcRack 10-Ad2011-09-17eAPg80.00o332.6 TENp17955r2024-06-24 00:00:00t46.8w2024-06-24yBK